Management of HIV infection and antiretroviral therapy in infants and children : a clinical manual 2006.
Tallennettuna:
| Yhteisötekijä: | |
|---|---|
| Aineistotyyppi: | Kirja |
| Julkaistu: |
New Delhi :
World Health Organization,
2006.
|
| Aiheet: | |
| Linkit: | Visit NHRC Library |
| Tagit: |
Lisää tagi
Ei tageja, Lisää ensimmäinen tagi!
|
| LEADER | 00889nam a22002177a 4500 | ||
|---|---|---|---|
| 003 | 1241 | ||
| 008 | |||
| 952 | |0 0 |1 0 |2 NLM |4 0 |6 WC_503_200000000000000_WHO_2006 |7 0 |9 1307 |a NHRC |b NHRC |c CART |d 2013-02-05 |l 0 |o WC 503.2/WHO/2006 |p 001241 |r 2013-02-05 |w 2013-02-05 |y BK | ||
| 999 | |c 1273 |d 1273 | ||
| 010 | |a 2013310978 | ||
| 020 | |a 9290222840 | ||
| 060 | |a WC 503.2 | ||
| 110 | |a World Health Organization |9 11 | ||
| 245 | 0 | 0 | |a Management of HIV infection and antiretroviral therapy in infants and children : |b a clinical manual 2006. |
| 260 | |a New Delhi : |b World Health Organization, |c 2006. | ||
| 300 | |a vii, 118 p ; | ||
| 500 | |a Book | ||
| 650 | |a HIV Infection - drug therapy |a Antiretroviral agents - therapeutic use - pharmacology |a Antiretroviral therapy, highly active |a Infant |9 778 | ||
| 856 | |u http://nhrc.gov.np/contact/ |y Visit NHRC Library | ||
| 942 | |2 NLM |c BK | ||
| 955 | |b wd47 2013-01-16 to SELCOM | ||